000 00393nam a22001457a 4500
999 _c7677
_d7675
005 20210319113507.0
008 210319b ||||| |||| 00| 0 eng d
082 _a346.066
100 _aAIYAR, A.N.
_96466
245 _aCOMPANY CASES THE CORPORATE LAW WEEKLY [VOL-160]
260 _aCHENNAI
_bCOMPANY LAW INSTITUTE OF INDIA
_c2010
300 _a592,i-xx;p
650 _aLAW
_95701
942 _cJRL